Northwest best places : (Record no. 9916)
[ view plain ]
| 000 -LEADER | |
|---|---|
| fixed length control field | 00852nam a22002297a 4500 |
| 003 - CONTROL NUMBER IDENTIFIER | |
| control field | OSt |
| 005 - DATE AND TIME OF LATEST TRANSACTION | |
| control field | 20140310182145.0 |
| 008 - FIXED-LENGTH DATA ELEMENTS--GENERAL INFORMATION | |
| fixed length control field | 130829t xxu||||| |||| 00| 0 eng d |
| 020 ## - INTERNATIONAL STANDARD BOOK NUMBER | |
| International Standard Book Number | 0912365129 |
| 050 ## - LIBRARY OF CONGRESS CALL NUMBER | |
| Classification number | TX 907 |
| Item number | .B733 1988 |
| 082 ## - DEWEY DECIMAL CLASSIFICATION NUMBER | |
| Classification number | HS 647.95795 |
| Item number | B74 1987 |
| 100 ## - MAIN ENTRY--PERSONAL NAME | |
| Personal name | Brewster, David |
| 9 (RLIN) | 15497 |
| 245 ## - TITLE STATEMENT | |
| Title | Northwest best places : |
| Remainder of title | restaurant lodging and touring in Washington ,Oregon and Britain Columbia / |
| Statement of responsibility, etc | David Brewster |
| 260 ## - PUBLICATION, DISTRIBUTION, ETC. (IMPRINT) | |
| Place of publication, distribution, etc | Seattle : |
| Name of publisher, distributor, etc | Sasquatch books, |
| Date of publication, distribution, etc | c1988. |
| 300 ## - PHYSICAL DESCRIPTION | |
| Extent | 544 p. : |
| Dimensions | 22 cm. |
| 650 ## - SUBJECT ADDED ENTRY--TOPICAL TERM | |
| Topical term or geographic name as entry element | Restaurants |
| General subdivision | Lunch rooms ,etc. |
| -- | Washington |
| -- | Guidebooks |
| 9 (RLIN) | 15498 |
| 650 ## - SUBJECT ADDED ENTRY--TOPICAL TERM | |
| Topical term or geographic name as entry element | Restaurants, Lunch rooms etc. |
| General subdivision | Oregon |
| -- | Guidebook |
| 9 (RLIN) | 15499 |
| 650 ## - SUBJECT ADDED ENTRY--TOPICAL TERM | |
| Topical term or geographic name as entry element | Restaurants ,Lunch rooms, British Columbia |
| General subdivision | Guidebooks |
| 9 (RLIN) | 15500 |
| 650 ## - SUBJECT ADDED ENTRY--TOPICAL TERM | |
| Topical term or geographic name as entry element | Hotels taverns |
| General subdivision | Oregon |
| -- | Guidebook |
| 9 (RLIN) | 15501 |
| 942 ## - ADDED ENTRY ELEMENTS (KOHA) | |
| Source of classification or shelving scheme | Library of Congress Classification |
| Koha item type | |
| Withdrawn status | Lost status | Source of classification or shelving scheme | Damaged status | Home library | Current library | Shelving location | Date acquired | Total Checkouts | Full call number | Barcode | Date last seen | Copy number | Price effective from | Koha item type |
|---|---|---|---|---|---|---|---|---|---|---|---|---|---|---|
| Library of Congress Classification | Luxembourg Library | Luxembourg Library | High School Section | 08/29/2013 | TX 907 .B733 1988 | 8836 | 08/29/2013 | 1 | 08/29/2013 | Books |